=LDR 00000nam 2200000 4500 =001 INLIS000000000047315 =005 20200908124219 =035 ##$$a 0010-101500000000026 =008 200908###########################0###### =082 ##$$a 301-Har-s =100 ##$$a Paul B. Horton =245 1#$$a Sosiologi 2 =260 ##$$a Jakarta :$b Erlangga,$c Cet.3 =300 ##$$a xiii,263 Hlm ; $c 23 Cm =850 ##$$a NBPNMAT =990 ##$$a 0001/BPAP-NTB/2015